000 00683nam a2200289Ia 4500
005 20260324132857.0
008 008 260324s9999 xx 000 0 eng d
020 _a9780203509135
037 _aEBOOK
040 _aCRL
040 _beng
040 _cCRL
041 _2eng
041 _aeng
084 _qCRL
100 _aSebastian Ritchie
_91190954
245 0 _aOur Man in Yugoslavia
245 4 _bThe Story of a Secret Service Operative
260 _bTaylor and Francis
260 _c2004
365 _a
365 _b290
856 _uhttp://www.taylorfrancis.com/books/9780203509135
942 _cEBOOK
999 _c1789458
_d1789458